[Event "Match"]
[Site "www.echecsemail.com"]
[Date "2015.03.09"]
[Round "1"]
[White "Generalfree"]
[Black "Attatroll"]
[WhiteElo "1760"]
[BlackElo "1970"]
[Result "0-1"]
[Round "1"]
1.e4 e6
2.Ng1f3 d5
3.e5 c5
4.d4 Nb8c6
5.Bc1e3 cxd4
6.Nf3xd4 Nc6xe5
7.f4 Ne5g6
8.a3 Bf8d6
9.b4 Bc8d7
10.g3 Ng8f6
11.Bf1d3 O-O
12.c3 Ra8c8
13.h4 Nf6e4
14.Bd3xe4 dxe4
15.h5 Ng6e7
16.g4 Ne7c6
17.Nd4xc6 Bd7xc6
18.Be3xa7 Bd6xf4
19.Qd1e2 Qd8d3
20.Qe2xd3 exd3
21.Rh1f1 Bf4g3
22.Kd2 Rf8d8
23.a4 Bc6g2
24.Rf1g1 Bg3f4
25.Ba7e3 Bf4xe3
26.Kxe3 Bg2c6
27.Rg1d1 h6
28.Rd1xd3 Rd8xd3
29.Kxd3 Bc6f3
30.Ke3 Bf3xg4
{ resign }
0-1

[Event "Match"]
[Site "www.echecsemail.com"]
[Date "2015.03.09"]
[Round "1"]
[White "Generalfree"]
[Black "Olddog55"]
[WhiteElo "1820"]
[BlackElo "1680"]
[Result "1-0"]
[Round "1"]
1.e4 c6
2.f4 d5
3.Nb1c3 g6
4.e5 Bf8h6
5.d3 g5
6.fxg5 d4
7.Nc3e4 Bh6g7
8.Ng1f3 f6
9.gxf6 exf6
10.exf6 Ng8xf6
11.Bc1g5 Qd8e7
12.Nf3h4 h6
13.Nh4g6 Qe7e6
14.Bg5xf6 Rh8g8
15.Qd1h5 Bg7xf6
16.Ng6f4 { resign }
1-0

[Event "1/128 Finale"]
[Site "www.chess-mail.com"]
[Date "2015.03.09"]
[Round "1"]
[White "Fabos12"]
[Black "Genius7"]
[WhiteElo "1900"]
[BlackElo "1730"]
[Result "1-0"]
[Round "1"]
1.e4 e6
2.Nb1c3 d5
3.exd5 exd5
4.d4 Ng8f6
5.Bc1g5 c6
6.Ng1f3 Bf8b4
7.Bf1d3 O-O
8.O-O Bb4xc3
9.bxc3 Rf8e8
10.Nf3e5 h6
11.Bg5h4 Bc8e6
12.f4 Be6d7
13.c4 Bd7e6
14.f5 Be6d7
15.cxd5 cxd5
16.c4 Bd7c6
17.Ne5g4 Nb8d7
18.c5 b6
19.Rf1f3 bxc5
20.dxc5 Qd8a5
21.Ng4xf6 Nd7xf6
22.Qd1c2 Nf6e4
23.Bd3xe4 dxe4
24.Rf3g3 Ra8b8
25.Qc2c1 Qa5c7
26.Qc1e3 Qc7e5
27.Ra1f1 Rb8b2
28.f6 g6
29.Qe3xh6 { resign }
1-0

[Event "1/128 Finale"]
[Site "www.chess-mail.com"]
[Date "2015.03.09"]
[Round "1"]
[White "Ulysse21"]
[Black "E4player"]
[WhiteElo "1809"]
[BlackElo "1809"]
[Result "0-1"]
[Round "1"]
1.d4 Ng8f6
2.c4 e5
3.dxe5 Nf6g4
4.Bc1f4 g5
5.Bf4g3 Bf8g7
6.Ng1f3 Nb8c6
7.Nb1c3 Ng4xe5
8.Nf3xe5 Nc6xe5
9.c5 b6
10.Bg3xe5 Bg7xe5
11.Qd1d5 Be5xc3
12.bxc3 Qd8f6
13.Ra1c1 c6
14.Qd5d4 Qf6xd4
15.cxd4 Bc8a6
16.e4 Ba6xf1
17.Rh1xf1 f5
18.exf5 O-O
19.g4 Ra8e8
20.Kd2 Re8e4
21.f3 Re4xd4
22.Kc3 bxc5
23.Rf1e1 Rd4f4
24.Re1e3 Rf8b8
25.Rc1e1 d5
26.Re3e8 Rb8xe8
27.Re1xe8 Kf7
28.Re8c8 Rf4xf3
29.Kc2 Rf3f2
30.Kb3 h5
31.Rc8c7 Kf6
32.h3 Rf2f3
33.Kb2 Rf3xh3
{ resign }
0-1

[Event "Eq:BEAC Hungary-La Taverne : "]
[Site "www.chess-mail.com"]
[Date "2015.03.09"]
[Round "1"]
[White "Traub"]
[Black "Fkarpov"]
[WhiteElo "1830"]
[BlackElo "2000"]
[Result "0-1"]
[Round "1"]
1.e4 c5
2.Ng1f3 g6
3.d4 cxd4
4.Nf3xd4 Bf8g7
5.Bc1e3 Qd8a5
6.c3 Nb8c6
7.Nd4b3 Qa5d8
8.Nb1d2 Ng8f6
9.f4 O-O
10.Bf1d3 e5
11.O-O d6
12.Qd1c2 exf4
13.Be3xf4 d5
14.exd5 Nf6xd5
15.Ra1d1 Bc8g4
16.Nd2f3 Nd5xf4
17.Bd3xg6 Qd8b6
18.Kh1 Nf4xg6
19.Nb3d4 Nc6xd4
20.cxd4 Bg4xf3
21.Rf1xf3 Bg7xd4
22.Rf3b3 Qb6f6
23.Rb3f3 Qf6b6
24.b3 Ra8c8
25.Qc2f5 Kh8
26.Rf3d3 Bd4g7
27.Rd3d6 Rc8c1
28.Rd1xc1 { time. }
0-1

[Event "Fast Game"]
[Site "www.echecsemail.com"]
[Date "2015.03.09"]
[Round "1"]
[White "Tomasseeber"]
[Black "Korbacik"]
[WhiteElo "1599"]
[BlackElo "1599"]
[Result "1-0"]
[Round "1"]
1.Ng1f3 c5
2.b4 cxb4
3.a3 e6
4.e4 Nb8c6
5.c3 bxa3
6.Bc1xa3 Bf8xa3
7.Nb1xa3 Ng8e7
8.Bf1b5 O-O
9.O-O a6
10.Bb5a4 b5
11.Ba4c2 Bc8b7
12.d4 d5
13.e5 b4
14.Na3b1 Qd8b6
15.h4 a5
16.g4 Bb7a6
17.Rf1e1 Ra8c8
18.Re1e3 Ba6c4
19.Bc2xh7 Kxh7
20.Nf3g5 Kg8
21.h5 b3
22.Nb1d2 Nc6d8
23.Qd1b1 f5
24.exf6 Rf8xf6
25.Qb1h7 Kf8
26.Qh7h8 Ne7g8
27.Ng5h7 Kf7
28.Nh7xf6 gxf6
29.h6 { resign }
1-0

[Event "Fast Game"]
[Site "www.echecsemail.com"]
[Date "2015.03.09"]
[Round "1"]
[White "Tenzinnima"]
[Black "Tomasseeber"]
[WhiteElo "1900"]
[BlackElo "1659"]
[Result "0-1"]
[Round "1"]
1.e4 d6
2.d4 Ng8f6
3.Nb1c3 g6
4.Ng1f3 Bf8g7
5.h3 O-O
6.Bc1e3 Nb8d7
7.Qd1d2 Rf8e8
8.O-O-O c6
9.g4 Qd8c7
10.Be3h6 Bg7h8
11.Bf1c4 b5
12.Bc4b3 a5
13.Nf3g5 e6
14.f4 a4
 { time }
0-1

[Event "Tourn. n8059"]
[Site "www.chess-mail.com"]
[Date "2015.03.10"]
[Round "1"]
[White "Crull"]
[Black "Fresnel"]
[WhiteElo "1810"]
[BlackElo "1729"]
[Result "1-0"]
[Round "1"]
1.d4 Ng8f6
2.c4 e6
3.a3 b6
4.Bc1g5 Bc8b7
5.e3 Bf8e7
6.Ng1f3 c5
7.Bf1d3 O-O
8.O-O d5
9.Bg5xf6 Be7xf6
10.Qd1c2 h6
11.Nb1d2 Nb8c6
12.dxc5 Ra8c8
13.cxb6 axb6
14.Qc2b3  { time }
1-0

[Event "Tourn. n7920"]
[Site "www.chess-mail.com"]
[Date "2015.03.10"]
[Round "1"]
[White "Genius9"]
[Black "Tomcapp"]
[WhiteElo "1220"]
[BlackElo "1450"]
[Result "1-0"]
[Round "1"]
1.e4 e5
2.Ng1f3 Nb8c6
3.Bf1b5 Ng8f6
4.d3 a6
5.Bb5xc6 dxc6
6.Nf3xe5 Bc8e6
7.O-O c5
8.f4 b5
9.Nb1c3 b4
10.Nc3e2 a5
11.Ne2g3 Bf8d6
12.Ne5f3 a4
13.e5 Bd6xe5
14.fxe5 Nf6g4
15.Bc1g5 Qd8d5
16.Ng3e4 O-O
17.Bg5f4 h6
18.h3 c4
19.hxg4 cxd3
20.Qd1xd3 Qd5xd3
21.cxd3 b3
22.axb3 a3
23.Ra1xa3 Ra8xa3
24.bxa3 g5
25.Bf4g3 Be6xg4
26.Ne4f6 Kg7
27.Nf6xg4 h5
28.Ng4f6 Rf8a8
29.Nf3xg5 Ra8xa3
30.Nf6xh5 Kg6
31.Ng5xf7 Kxh5
32.Kh2 Ra3xb3
33.e6 Rb3xd3
34.Rf1e1 Kg4
35.Re1e4 Kf5
36.Re4e5 Kg6
37.e7 c5
38.e8Q Kf6
39.Qe8e6 Kg7
40.Bg3h4 c4
41.Qe6f6 Kf8
42.Qf6h8 Kxf7
43.Qh8f6 Kg8
44.Re5e8 Kh7
45.Re8h8 
1-0

[Event "Tourn. n7874"]
[Site "www.chess-mail.com"]
[Date "2015.03.10"]
[Round "1"]
[White "Seger"]
[Black "Thurgau"]
[WhiteElo "2710"]
[BlackElo "2700"]
[Result "1-0"]
[Round "1"]
1.e4 c5
2.c4 Nb8c6
3.Bf1e2 d6
4.Nb1c3 g6
5.Ng1f3 Bf8g7
6.O-O Ng8f6
7.d3 O-O
8.Bc1g5 Bc8d7
9.a3 Nf6g4
10.Nf3e1 Ng4f6
11.Ne1c2 Nf6e8
12.f4 Ne8c7
13.f5 Ra8b8
14.Qd1c1 b5
15.Bg5h6 bxc4
16.dxc4 a5
17.Rf1f3 Nc6d4
18.Nc2xd4 cxd4
19.Nc3d1 e6
20.Bh6xg7 Kxg7
21.f6 Kg8
22.e5 dxe5
23.Qc1h6 Nc7e8
24.Nd1f2 Ne8xf6
25.Rf3h3 Qd8e7
26.Nf2g4 Nf6h5
27.Ng4xe5 Rb8xb2
28.Be2xh5 Rf8b8
29.Ra1f1 Rb2b1
30.Bh5d1 f6
31.Ne5xg6 Qe7g7
32.Ng6f4 Qg7xh6
33.Rh3xh6 f5
34.Nf4d3 Rb1a1
35.Bd1f3 Ra1xf1
36.Kxf1 Rb8c8
37.Nd3e5 Kg7
38.Rh6h4 Bd7e8
39.Rh4xd4 Kf6
40.Ne5d3 e5
41.Bf3b7 Rc8c7
42.Rd4d6 Ke7
43.Rd6b6 Rc7xc4
44.Nd3xe5 Rc4c3
45.Ke2 Rc3xa3
46.Bb7d5 a4
47.Kd2 Ra3a1
48.Rb6e6 Kf8
49.Re6a6 Ra1h1
50.h3 Ke7
51.Ne5c4 Rh1b1
52.Kc3 h5
53.Nc4e3 Be8d7
54.Bd5c4 Kf8
55.Ne3xf5 Bd7xf5
56.Ra6f6 { resign }
1-0

[Event "Tourn. n8094"]
[Site "www.chess-mail.com"]
[Date "2015.03.10"]
[Round "1"]
[White "Woodpusher2"]
[Black "Rons"]
[WhiteElo "2540"]
[BlackElo "2550"]
[Result "1/2-1/2"]
[Round "1"]
1.d4 Ng8f6
2.c4 e6
3.Nb1c3 Bf8b4
4.Qd1c2 O-O
5.a3 Bb4xc3
6.Qc2xc3 b6
7.Bc1g5 Bc8b7
8.f3 h6
9.Bg5h4 d5
10.e3 Nb8d7
11.cxd5 Nf6xd5
12.Bh4xd8 Nd5xc3
13.Bd8h4 Nc3d5
14.Bh4f2 c5
15.e4 Nd5e7
16.Ng1e2 Ra8c8
17.Ra1d1 Bb7a6
18.Ne2c3 Ba6xf1
19.Rh1xf1 Ne7g6
20.dxc5 Nd7xc5
21.Bf2xc5 Rc8xc5
22.f4 Rc5h5
23.h3 Rh5h4
24.Nc3e2 Rf8e8
25.Rf1f3 e5
26.f5 Ng6f4
27.Ne2xf4 exf4
28.Rd1d4 g5
29.fxg6 fxg6
30.Kf2 Re8e7
31.b4 Kf7
32.a4 Kf6
33.Rf3c3 Ke5
34.Rc3d3 Kf6
35.Rd4d6 Kf7
36.Kf3 Rh4h5
37.Kxf4 Rh5e5
38.Rd3d4 Re5h5
39.Rd6d7 Rh5h4
40.Ke3 Rh4xe4
41.Rd4xe4 Re7xd7
42.Re4h4 Rd7e7
43.Kd3 h5
44.Rh4f4 { draw }
1/2-1/2

[Event "Tourn. n8122"]
[Site "www.chess-mail.com"]
[Date "2015.03.10"]
[Round "1"]
[White "Iko"]
[Black "Oliverio"]
[WhiteElo "1520"]
[BlackElo "1520"]
[Result "0-1"]
[Round "1"]
1.e4 e5
2.Nb1c3 Ng8f6
3.Ng1f3 Nb8c6
4.Bf1b5 Bf8c5
5.Bb5xc6 dxc6
6.Nf3xe5 Qd8d4
7.Ne5g4 Bc8xg4
8.f3 Qd4f2

0-1

[Event "Tourn. n7943"]
[Site "www.chess-mail.com"]
[Date "2015.03.10"]
[Round "1"]
[White "Falcoale"]
[Black "Scasan55"]
[WhiteElo "1940"]
[BlackElo "1900"]
[Result "1-0"]
[Round "1"]
1.e4 c5
2.Ng1f3 d6
3.c4 Nb8c6
4.Nb1c3 Ng8f6
5.d4 cxd4
6.Nf3xd4 a6
7.Bf1e2 e6
8.Bc1g5 Bf8e7
9.Nd4f3 O-O
10.Qd1c2 h6
11.Bg5h4 Qd8c7
12.O-O-O Rf8e8
13.h3 Nf6h5
14.Bh4xe7 Qc7xe7
15.g3 Ra8b8
16.Nf3d4 Nc6xd4
17.Rd1xd4 Nh5f6
18.f4 Qe7c7
19.Rd4d1 b6
20.Rh1g1 Bc8b7
21.b3 Re8d8
22.g4 Rd8c8
23.g5 hxg5
24.fxg5 Nf6h7
25.h4 b5
26.h5 bxc4
27.Be2xc4 Qc7c5
28.g6 fxg6
29.Bc4xe6 Kh8
30.hxg6 Nh7f6
31.Rg1h1 Nf6h5
32.Be6c4  { time }
1-0

[Event "Tourn. n8010"]
[Site "www.chess-mail.com"]
[Date "2015.03.10"]
[Round "1"]
[White "Tomcapp"]
[Black "Passaroa25"]
[WhiteElo "1460"]
[BlackElo "1450"]
[Result "1/2-1/2"]
[Round "1"]
1.e4 c6
2.Bf1c4 d5
3.exd5 Ng8f6
4.dxc6 Nb8xc6
5.c3 Bc8e6
6.b3 Qd8d7
7.d4 Nf6d5
8.Bc4xd5 Qd7xd5
9.Ng1f3 f6
10.c4 Qd5e4
11.Bc1e3 Be6f7
12.O-O O-O-O
13.Nb1c3 Qe4g6
14.d5 Nc6e5
15.Nf3xe5 fxe5
16.a4 Qg6h5
17.a5 Qh5xd1
18.Ra1xd1 Kb8
19.a6 b6
20.f3 g6
21.d6 exd6
22.b4 Bf7xc4
23.Rf1e1 Bc4xa6
24.Nc3d5 h5
25.h3 Rd8d7
26.Nd5f6 Rd7d8
27.Be3g5 Bf8e7
28.h4 Ba6c4
29.Nf6e4 Be7xg5
30.hxg5 Rh8f8
31.Ne4xd6 Bc4e6
32.Re1xe5 Be6c4
33.Re5e7 Bc4a6
34.Re7g7 Ba6c8
35.Rd1d5 Bc8e6
36.Rd5d2 Rd8d7
{ draw }
1/2-1/2

[Event "Tourn. n8060"]
[Site "www.chess-mail.com"]
[Date "2015.03.10"]
[Round "1"]
[White "Guidom"]
[Black "Julian"]
[WhiteElo "2040"]
[BlackElo "2000"]
[Result "1-0"]
[Round "1"]
1.e4 c5
2.Ng1f3 d6
3.c4 e6
4.Nb1c3 Nb8c6
5.d3 Ng8f6
6.Bc1g5 Bf8e7
7.Bf1e2 O-O
8.O-O a6
9.h3 Ra8b8
10.a3 b5
11.cxb5 axb5
12.Ra1b1 Bc8a6
13.b4 Nc6d4
14.Rf1e1 Nd4xe2
15.Qd1xe2 cxb4
16.axb4 Ba6c8
17.d4 e5
18.dxe5 dxe5
19.Nf3xe5 Qd8c7
20.Bg5f4 Qc7xc3
21.Re1c1 Qc3d4
22.Ne5c6 Qd4xe4
23.Qe2xe4 Nf6xe4
24.Nc6xe7 Kh8
25.Bf4xb8 Bc8b7
26.Bb8f4 f5
27.Rc1c7 Bb7a8
28.Ne7xf5 g5
29.Bf4e5 Ne4f6
30.Be5xf6 { resign }
1-0

[Event "Match"]
[Site "www.echecsemail.com"]
[Date "2015.03.10"]
[Round "1"]
[White "Maestro"]
[Black "F14"]
[WhiteElo "1910"]
[BlackElo "1840"]
[Result "1-0"]
[Round "1"]
1.c4 e6
2.d4 Bf8b4
3.Bc1d2 Bb4xd2
4.Nb1xd2 Ng8f6
5.e3 d5
6.Ng1f3 O-O
7.Bf1d3 dxc4
8.Nd2xc4 Nb8c6
9.O-O a6
10.a3 Nf6d5
11.Nf3e5 Nc6xe5
12.Nc4xe5 f6
13.Bd3xh7 Kxh7
14.Qd1h5 Kg8
15.Ne5g6 Kf7
16.Ng6xf8 Kxf8
17.Qh5h8 Ke7
18.Qh8xg7 Kd6
19.Qg7g3 Kd7
20.e4 Nd5e7
21.Ra1c1 c6
22.b4 Qd8g8
23.Qg3f3 Kc7
24.Qf3xf6 Ne7g6
25.d5 exd5
26.exd5 Bc8d7
27.d6 Kb8
28.Rf1e1 Ka7
29.Qf6d4 b6
30.a4 Ra8e8
31.Re1xe8 Qg8xe8
32.a5 Qe8e5
33.Qd4xb6 Ka8
34.Qb6d8 { resign }
1-0

[Event "Match"]
[Site "www.echecsemail.com"]
[Date "2015.03.10"]
[Round "1"]
[White "Neo"]
[Black "F14"]
[WhiteElo "1710"]
[BlackElo "1799"]
[Result "1/2-1/2"]
[Round "1"]
1.d4 Ng8f6
2.e3 d5
3.Ng1f3 e6
4.c3 c5
5.Bf1b5 Nb8c6
6.Nf3e5 Qd8c7
7.O-O a6
8.Bb5xc6 bxc6
9.Qd1a4 Bc8d7
10.a3 cxd4
11.cxd4 Bf8d6
12.Ne5f3 c5
13.Qa4c2 Ra8c8
14.Qc2d3 O-O
15.Qd3xa6 cxd4
16.Nf3xd4 Rc8b8
17.b4 e5
18.Nd4f3 Bd7b5
19.Qa6a5 Qc7xa5
20.bxa5 Rb8a8
21.Bc1d2 Bb5xf1
22.Kxf1 e4
23.Nf3d4 Rf8b8
24.Bd2c3 Bd6e5
25.Bc3b4 Rb8c8
26.Nb1c3 Rc8c4
27.h3 Be5xd4
28.exd4 Rc4xd4
29.Ra1c1 Ra8c8
30.Rc1b1 Rd4c4
31.Nc3e2 h6
32.Ne2f4 Rc4c1
33.Rb1xc1 Rc8xc1
34.Ke2 Rc1c6
35.Ke3 g5
36.Nf4e2 Kg7
37.Kd4 Kg6
38.Ne2c3 Rc6c4
39.Ke5 d4
40.Nc3xe4 Nf6xe4
41.Kxe4 Rc4c2
42.Kxd4 Rc2c8
43.Bb4c5 Kf6
44.a6 Ke6
45.a7 Kd7
46.a4 Kc7
47.a5 Kb7
48.Bc5b6 Rc8c6
49.Kd5 Rc6e6
50.f3 Re6g6
51.Ke5 Rg6e6
52.Kf5 Re6g6
53.g3 Rg6c6
54.g4 Rc6g6
55.f4 gxf4
56.Kxf4 Rg6f6
57.Ke5 Rf6e6
58.Kf5 Re6g6
59.h4 Rg6e6
60.g5 hxg5
61.hxg5 Re6g6
62.Bb6e3 Rg6c6
63.Be3b6 Rc6g6
64.Bb6e3 Rg6e6
65.Kf4 Re6a6
66.Be3b6 Kc6
67.Kf5 Kd7
68.Kf6 Ke8
69.Kg7 Ke7
70.Kg8 Ke8
71.Kg7 Ke7
72.Kg8 Ke8
73.Kg7 Ke7
74.g6 fxg6
75.Kxg6 Kd7
76.Kf6 Kd6
77.Kf7 Kd7
78.Kf8 Kc8
79.Ke8 Kb7
80.Kd8 Ra6xa7
81.Bb6xa7 Kxa7
82.Kc7 Ka6
83.Kc6 Kxa5
84.Kc5 Ka4
{ draw }
1/2-1/2

[Event "Match"]
[Site "www.echecsemail.com"]
[Date "2015.03.10"]
[Round "1"]
[White "Jesmantiz"]
[Black "Difficult"]
[WhiteElo "2070"]
[BlackElo "1880"]
[Result "0-1"]
[Round "1"]
1.d4 Ng8f6
2.e3 d5
3.Bf1d3 g6
4.Nb1d2 Bf8g7
5.f4 O-O
6.Ng1f3 Nb8d7
7.O-O c5
8.c3 b6
9.Nf3e5 Bc8b7
10.Rf1f3 c4
11.Bd3c2 b5
12.Rf3h3 a6
13.g4 Nd7xe5
14.fxe5 Nf6d7
15.e4 Nd7b6
16.exd5 Bb7xd5
17.Nd2e4 Bd5xe4
18.Bc2xe4 Nb6d5
19.Bc1g5 Ra8c8
20.Qd1d2 Rf8e8
21.Bg5h6 Bg7h8
22.Bh6g5 Qd8d7
23.Qd2f2 Bh8g7
24.Ra1f1 Qd7xg4
25.Qf2g2 Qg4xg2
26.Kxg2 e6
27.Rh3f3 h6
28.Bg5f6 Bg7xf6
29.exf6 Kh7
30.h4 h5
31.Kg3 Re8d8
32.Rf1e1 a5
33.a3 b4
34.axb4 axb4
35.Re1a1 bxc3
36.bxc3 Rc8a8
37.Ra1b1 Rd8d7
38.Be4xd5 exd5
39.Rb1b5 Ra8a3
40.Kf4 Ra3a1
41.Rf3e3 Ra1f1
42.Re3f3 Rf1xf3
43.Kxf3 Rd7d6
44.Kg3 Kh6
45.Rb5c5 g5
46.Kh3 g4
47.Kg3 Kg6
48.Rc5b5 Kxf6
49.Kf4 Kg6
50.Rb5c5 Kf6
51.Rc5b5 Ke6
52.Rb5c5 f5
53.Rc5b5 Rd6a6
54.Kg5 g3
55.Rb5b2 Ra6a3
56.Rb2e2 Kd6
57.Re2e3 g2
58.Re3g3 Ra3xc3
59.Rg3xg2 Rc3d3
60.Kxf5 Rd3xd4
61.Rg2g6 Kc5
62.Kg5 c3
63.Kxh5 c2
64.Rg6g8 Rd4c4
{ resign }
0-1

[Event "Match"]
[Site "www.echecsemail.com"]
[Date "2015.03.10"]
[Round "1"]
[White "Generalfree"]
[Black "Oxycontin"]
[WhiteElo "1830"]
[BlackElo "2030"]
[Result "0-1"]
[Round "1"]
1.e4 Ng8f6
2.e5 Nf6d5
3.d4 d6
4.Ng1f3 Nb8c6
5.g3 dxe5
6.dxe5 Bc8g4
7.Bf1b5 e6
8.Bb5xc6 bxc6
9.a3 Bf8c5
10.c4 Nd5b6
11.Qd1xd8 Ra8xd8
12.Nf3d2 Nb6xc4
13.O-O Nc4xe5
14.Nd2e4 Bc5b6
15.Bc1g5 Ne5f3
16.Kg2 Nf3xg5
17.Ne4xg5 O-O
18.Nb1c3 Rd8d2
19.b4 Rf8d8
20.Nc3e4 Rd2d3
21.f3 Bg4f5
22.Ne4f2 Rd3d2
23.Ng5h3 Bf5xh3
{ resign }
0-1

[Event "Match"]
[Site "www.echecsemail.com"]
[Date "2015.03.10"]
[Round "1"]
[White "Bojan"]
[Black "Generalfree"]
[WhiteElo "2020"]
[BlackElo "1820"]
[Result "1-0"]
[Round "1"]
1.e4 c5
2.c3 e6
3.Ng1e2 d6
4.d4 c4
5.Ne2f4 b5
6.Bf1e2 Bf8e7
7.Be2f3 Bc8b7
8.d5 exd5
9.Nf4xd5 Ng8f6
10.Nd5xe7 Qd8xe7
11.O-O O-O
12.Bc1g5 Bb7xe4
13.Bf3xe4 Qe7xe4
14.Bg5xf6 gxf6
15.Qd1xd6 Qe4g6
16.Qd6d5 { resign }
1-0

[Event "Match"]
[Site "www.echecsemail.com"]
[Date "2015.03.10"]
[Round "1"]
[White "Sorren"]
[Black "Drdoom"]
[WhiteElo "1840"]
[BlackElo "1790"]
[Result "1-0"]
[Round "1"]
1.e4 e5
2.Ng1f3 d5
3.exd5 Qd8xd5
4.Nb1c3 Qd5e6
5.Bf1e2 c5
6.O-O Nb8c6
7.Rf1e1 a6
8.b3 Bf8d6
9.Be2c4 Qe6d7
10.d3 b5
11.Bc4d5 Ng8e7
12.Bc1g5 f6
13.Bg5h4 Bc8b7
14.Qd1e2 Ne7xd5
15.Nc3xd5 Ra8b8
16.c3 Nc6e7
17.Nd5xe7 Qd7xe7
18.Ra1d1 O-O
19.h3 Rf8e8
20.Qe2e3 Qe7c7
21.Bh4g3 Rb8d8
22.Nf3h4 Qc7c6
23.Nh4f3 Qc6c7
24.Nf3d2 a5
25.Nd2e4 Bb7xe4
26.Qe3xe4 b4
27.c4 Qc7a7
28.Qe4c6 Re8e7
29.Rd1a1 Re7c7
30.Qc6d5 Kf8
31.a3 Bd6e7
32.Qd5e4 Rc7c8
33.axb4 cxb4
34.Ra1a4 Rd8d4
35.Qe4xh7 Rc8d8
36.Re1e3 Rd8e8
37.Qh7f5 Be7d6
38.Re3e1 Qa7c7
39.Re1a1 Re8a8
40.Qf5h7 Qc7d8
41.Ra4xa5 Ra8xa5
42.Qh7h8 Ke7
43.Qh8xd8 Kxd8
44.Ra1xa5 Rd4xd3
45.Ra5d5 Rd3xd5
46.cxd5 Kc7
47.f3 Bd6c5
48.Kf1 Kd6
49.Ke2 Kxd5
50.Kd3 f5
51.Bg3h4 e4
52.fxe4 fxe4
53.Ke2 Kd4
54.Bh4f2 Kd5
55.Bf2xc5 Kxc5
56.Ke3 Kd5
57.h4 Ke5
58.g4 g6
59.h5 gxh5
60.gxh5 Kf5
61.h6 Kg6
62.Kxe4 Kxh6
63.Kd4 Kg6
64.Kc4 Kf6
65.Kxb4 Ke6
66.Kc5 Kd7
67.Kb6 Kc8
68.b4 Kb8
69.b5 Ka8
70.Kc7 Ka7
71.b6 Ka6
72.b7 Kb5
73.b8Q Kc4
74.Qb8d8 Kc3
75.Qd8h4 Kd3
76.Kd6 Ke3
77.Ke5 Kd3
78.Qh4d4 Kc2
79.Qd4e3 Kb2
80.Kd4 Kb1
81.Qe3e2 Kc1
82.Kc3 Kb1
83.Qe2b2 
1-0

[Event "Match"]
[Site "www.echecsemail.com"]
[Date "2015.03.10"]
[Round "1"]
[White "Sorren"]
[Black "Reanna"]
[WhiteElo "1840"]
[BlackElo "1620"]
[Result "1-0"]
[Round "1"]
1.e4 e5
2.Ng1f3 Nb8c6
3.Bf1c4 Ng8f6
4.Nf3g5 d5
5.exd5 Nf6xd5
6.Ng5xf7 Kxf7
7.Qd1f3 Ke7
8.Bc4xd5 Kd6
9.Bd5xc6 bxc6
10.d3 Bf8e7
11.Nb1c3 Rh8f8
12.Qf3g3 Bc8b7
13.O-O g5
14.Nc3e4 Ke6
15.Bc1xg5 Be7xg5
16.Ne4xg5 Kd5
17.Rf1e1 Rf8e8
18.Ng5xh7 Re8g8
19.Qg3xe5 { resign }
1-0

[Event "Match"]
[Site "www.echecsemail.com"]
[Date "2015.03.10"]
[Round "1"]
[White "Maestro"]
[Black "Harrytheking"]
[WhiteElo "1910"]
[BlackElo "1690"]
[Result "1-0"]
[Round "1"]
1.f4 b6
2.Ng1f3 Bc8b7
3.e3 a6
4.Nb1c3 Ng8f6
5.b3 h6
6.Bc1b2 e6
7.Bf1e2 d6
8.O-O Bf8e7
9.Nf3d4 O-O
10.Be2f3 Bb7xf3
11.Qd1xf3 d5
12.Nd4e2 Nb8d7
13.Ne2d4 Nd7c5
14.Nd4c6 Qd8d7
15.Nc6xe7 Qd7xe7
16.Ra1e1 Ra8d8
17.Nc3e2 Nc5e4
18.Re1d1 c5
19.Ne2g3 Ne4xg3
20.Qf3xg3 g6
21.d3 Nf6h5
22.Qg3h3 f5
23.g4 fxg4
24.Qh3xg4 Qe7e8
25.Bb2e5 Nh5f6
26.Qg4h3 h5
27.Be5xf6 Rf8xf6
28.Rf1f2 Qe8f7
29.Rf2g2 Kf8
30.d4 Ke7
31.c4 Rd8f8
32.dxc5 bxc5
33.cxd5 exd5
34.Rg2d2 Rf8d8
35.Qh3g2 Rf6d6
36.Qg2g5 Kf8
37.Qg5h6 Qf7g7
38.Qh6g5 Qg7f7
39.e4 d4
40.e5 Rd6d5
41.Rd2g2 Qf7f5
42.Qg5xg6 Qf5xg6
43.Rg2xg6 a5
44.Rd1d3 Rd8d7
45.Kf2 Rd7f7
46.Kg3 Rf7f5
47.Rg6a6 Kg7
48.h4 Kf7
49.Ra6xa5 Ke7
50.Ra5a7 Ke6
51.Ra7a6 Ke7
52.a4 Rd5d8
53.Ra6c6 Rd8g8
54.Kh3 Rg8g4
55.Rc6xc5 Rg4xf4
56.Rc5b5 Ke6
57.a5 Rf5xe5
58.Rb5xe5 Kxe5
59.b4 Rf4f1
60.b5 Rf1h1
61.Kg3 Ke4
62.Rd3d2 Ke3
63.Rd2a2 d3
64.a6 d2
65.Ra2xd2 Kxd2
66.b6 Rh1g1
67.Kh3 Rg1g6
68.b7 Rg6xa6
69.b8Q { resign }
1-0

[Event "Match"]
[Site "www.echecsemail.com"]
[Date "2015.03.10"]
[Round "1"]
[White "Oxycontin"]
[Black "E4player"]
[WhiteElo "2020"]
[BlackElo "1809"]
[Result "0-1"]
[Round "1"]
1.Ng1f3 Ng8f6
2.g3 b5
3.d4 Bc8b7
4.Bf1g2 e6
5.O-O Bf8e7
6.Nb1d2 O-O
7.c4 a6
8.b3 d6
9.Bc1b2 Nb8d7
10.Ra1c1 c5
11.Rf1e1 b4
12.e4 cxd4
13.Nf3xd4 Qd8b6
14.Nd4c2 Nd7c5
15.Bb2xf6 Be7xf6
16.Nd2f1 Rf8d8
17.Nf1e3 Bf6b2
18.Rc1b1 Bb2c3
19.Re1e2 Nc5xe4
20.Qd1d3 f5
21.Ne3d1 d5
22.Qd3e3 d4
23.Qe3d3 Ne4c5
{ resign }
0-1

[Event "Match"]
[Site "www.echecsemail.com"]
[Date "2015.03.10"]
[Round "1"]
[White "Ditto"]
[Black "Hrob71"]
[WhiteElo "1640"]
[BlackElo "1499"]
[Result "0-1"]
[Round "1"]
1.e4 e5
2.Ng1f3 Ng8f6
3.Bf1c4 Nb8c6
4.d3 d5
5.exd5 Nf6xd5
6.O-O Bf8e7
7.Rf1e1 Bc8g4
8.Nb1d2 O-O
9.Re1e4 f5
10.Re4e1 Be7f6
11.c3 Kh8
12.Qd1b3 Nc6a5
13.Qb3c2 Na5xc4
14.dxc4 Nd5f4
15.Qc2d1 e4
16.h3 Bg4h5
17.Nd2f1 Nf4xg2
18.Qd1xd8 Ra8xd8
19.Kxg2 Bh5xf3
20.Kh2 Bf6e5
21.Kg1 Rf8f6
22.Bc1g5 Rf6g6
23.h4 h6
24.Nf1e3 hxg5
25.hxg5 Rg6xg5
26.Kf1 Be5h2
27.Re1c1 Rg5g1

0-1

[Event "Match"]
[Site "www.echecsemail.com"]
[Date "2015.03.10"]
[Round "1"]
[White "Lkaspar"]
[Black "Fangshuo"]
[WhiteElo "2089"]
[BlackElo "2010"]
[Result "0-1"]
[Round "1"]
1.d4 e5
2.dxe5 Nb8c6
3.Ng1f3 g6
4.Bc1g5 Bf8e7
5.Bg5xe7 Qd8xe7
6.e3 Nc6xe5
7.Bf1e2 Ne5xf3
 { time }
0-1

[Event "Match"]
[Site "www.echecsemail.com"]
[Date "2015.03.10"]
[Round "1"]
[White "Irene"]
[Black "Ditto"]
[WhiteElo "2000"]
[BlackElo "1880"]
[Result "1-0"]
[Round "1"]
1.d4 Ng8f6
2.Ng1f3 e6
3.e3 Nb8c6
4.Bf1d3 d5
5.O-O Bf8d6
6.b3 O-O
7.Nf3g5 Nc6b4
8.Bd3e2 e5
9.c3 Nb4c6
10.c4 e4
11.cxd5 Nf6xd5
12.Ng5xe4 Bd6e7
13.Bc1b2 Bc8f5
14.Ne4c3 Nd5xc3
15.Nb1xc3 Be7d6
16.Be2f3 Qd8g5
17.g3 Ra8b8
18.Nc3b5 Nc6e7
19.Nb5xd6 cxd6
20.Ra1c1 d5
21.Bb2a3 Rf8e8
22.Rc1c7 Bf5e6
23.Qd1c2 Ne7g6
24.Ba3c5 b6
25.Bc5d6 Rb8a8
26.Rf1c1 Ng6h4
27.Bf3e2 Be6f5
28.Bd6f4 Qg5g6
29.Qc2d1 Bf5e4
30.Be2h5 Qg6f6
31.gxh4 Re8f8
32.Rc1c6 Qf6xh4
33.Qd1g4 Qh4xg4
34.Bh5xg4 b5
35.Rc7c8 f5
36.Rc8xf8 Ra8xf8
37.Bg4e2 b4
38.Bf4d6 Rf8d8
39.Be2a6 h6
40.Rc6c8 Rd8xc8
41.Ba6xc8 Kf7
42.Bd6xb4 Be4b1
43.a3 Bb1c2
44.Bb4c5 a5
45.Bc5b6 Bc2xb3
46.Bb6xa5 g6
47.Bc8b7 h5
48.Kg2 Ke7
49.Kg3 g5
50.h4 g4
51.Kf4 Ke6
52.Kg5 Bb3c2
53.Kxh5 Bc2d1
54.Kg5 Bd1c2
55.Bb7c8 Kf7
56.h5 Bc2e4
57.h6 Be4d3
58.Bc8xf5 { resign }
1-0

[Event "Match"]
[Site "www.echecsemail.com"]
[Date "2015.03.10"]
[Round "1"]
[White "Bbking"]
[Black "Generalfree"]
[WhiteElo "1590"]
[BlackElo "1800"]
[Result "0-1"]
[Round "1"]
1.e4 e5
2.Ng1f3 Nb8c6
3.Bf1b5 Ng8e7
4.Bb5xc6 Ne7xc6
5.d4 exd4
6.Nf3xd4 Nc6xd4
7.Nb1c3 Bf8c5
8.Bc1e3 Qd8f6
9.O-O b6
10.Be3xd4 Bc5xd4
11.Nc3a4 Bc8a6
12.Rf1e1 Bd4xf2
13.Kh1 Bf2xe1
14.Qd1xe1 b5
15.Na4c5 Ba6c8
16.c3 d6
17.Nc5d3 O-O
18.e5 dxe5
19.Nd3xe5 Rf8e8
{ resign }
0-1

[Event "Match"]
[Site "www.echecsemail.com"]
[Date "2015.03.10"]
[Round "1"]
[White "Dominiquer"]
[Black "Fred"]
[WhiteElo "1760"]
[BlackElo "2050"]
[Result "1-0"]
[Round "1"]
1.e4 e5
2.Ng1f3 Nb8c6
3.Bf1c4 Bf8c5
4.b4 Bc5xb4
5.c3 Bb4a5
6.d4 d6
7.Qd1b3 Qd8e7
8.d5 Nc6d8
9.Qb3b5 Bc8d7
10.Qb5xa5 h6
11.h3 f5
12.O-O Ng8f6
13.Nf3h4 Qe7f7
14.exf5 O-O
15.Nh4g6 Rf8e8
16.g4 Nf6h7
17.Nb1d2 Nh7f8
18.Qa5xc7 Ra8c8
19.Qc7xd6 Bd7xf5
20.gxf5 Nf8xg6
21.fxg6 Qf7f5
22.Bc4b5 Nd8c6
23.dxc6 bxc6
24.Bb5xc6 Re8d8
25.Bc6d5 Kh8
26.Qd6e6 Qf5d3
27.Bd5g2 Rc8xc3
28.Nd2e4 Rd8f8
29.Ne4xc3 Qd3xc3
30.Bc1e3 Qc3c8
31.Ra1c1 { resign }
1-0

[Event "Match"]
[Site "www.echecsemail.com"]
[Date "2015.03.10"]
[Round "1"]
[White "Xkafi"]
[Black "Lkaspar"]
[WhiteElo "1970"]
[BlackElo "2089"]
[Result "1-0"]
[Round "1"]
1.e4 c5
2.Bf1c4 e6
3.d4 cxd4
4.Qd1xd4 Nb8c6
5.Qd4d1 Ng8f6
6.Nb1c3 Bf8b4
7.Bc1d2 a6
8.a3  { time }
1-0

[Event "1/32 Finale"]
[Site "www.chess-mail.com"]
[Date "2015.03.10"]
[Round "1"]
[White "Roqueur"]
[Black "Vasylpuzanov"]
[WhiteElo "2600"]
[BlackElo "2020"]
[Result "1-0"]
[Round "1"]
1.e4 e5
2.Ng1f3 Nb8c6
3.Bf1b5 Ng8f6
4.O-O d6
5.d4 exd4
6.Nf3xd4 Bc8d7
7.Nb1c3 Nc6xd4
8.Bb5xd7 Qd8xd7
9.Qd1xd4 Bf8e7
10.Rf1d1 Nf6g4
11.h3 Ng4e5
12.f4 c5
13.Qd4f2 Ne5c6
14.Bc1e3 b6
15.Rd1d2 O-O
16.Ra1d1 Ra8d8
17.f5 Be7f6
18.Nc3d5 Bf6xb2
19.c3 Bb2a3
20.f6 Rf8e8
21.Qf2h4 Nc6e5
22.Nd5e7 { resign }
1-0